| 000 | 00600nam a22002053a 4500 | ||
|---|---|---|---|
| 005 | 20220606094004.0 | ||
| 008 | 011011s1999 mx r 000 0 spa d | ||
| 020 | _a9701834003 | ||
| 035 | _aUPN01000112844 | ||
| 049 | _aCG | ||
| 050 | 4 |
_aN25 C5.7 _bF4.2 |
|
| 100 | 1 |
_aFernández, Sergio, _d1926- _934181 |
|
| 245 | 1 | 0 |
_aAntonio Peláez / _cSergio Fernández. |
| 260 |
_aMéxico : _bCNCA, _c1999. |
||
| 300 |
_a48, [31] p. : _bil. |
||
| 440 | 0 | _aCírculo de arte | |
| 600 | 1 | 4 |
_aPELAEZ, ANTONIO, _d1921-1994 - _xCRITICA E INTERPRETACION _923695 |
| 650 | 2 |
_aPintores mexicanos _918893 |
|
| 905 | _aLibro | ||
| 999 |
_c86752 _d86752 |
||